ANTHROPOLOGY AND DEVELOPMENT IN NORTH AFRICA AND THE MIDDLE EAST Author: (Record no. 9586)

MARC details
000 -LEADER
fixed length control field 00442nam a22001457a 4500
003 - CONTROL NUMBER IDENTIFIER
control field OSt
005 - DATE AND TIME OF LATEST TRANSACTION
control field 20260505085221.0
008 - FIXED-LENGTH DATA ELEMENTS--GENERAL INFORMATION
fixed length control field 260505b |||||||| |||| 00| 0 eng d
020 ## - INTERNATIONAL STANDARD BOOK NUMBER
International Standard Book Number 0813376882
040 ## - CATALOGING SOURCE
Transcribing agency IRDP
082 ## - DEWEY DECIMAL CLASSIFICATION NUMBER
Classification number 307.141 209 61 ANT
245 ## - TITLE STATEMENT
Title ANTHROPOLOGY AND DEVELOPMENT IN NORTH AFRICA AND THE MIDDLE EAST Author:
Statement of responsibility, etc. [EDITED BY MUNEERA SALEM-MURDOCK]
260 ## - PUBLICATION, DISTRIBUTION, ETC. (IMPRINT)
Place of publication, distribution, etc. SAN FRANCISCO;
Name of publisher, distributor, etc. WESTVIEW PRESS,
Date of publication, distribution, etc. C1990.
942 ## - ADDED ENTRY ELEMENTS (KOHA)
Source of classification or shelving scheme Dewey Decimal Classification
Koha item type BOOKS
Holdings
Withdrawn status Lost status Source of classification or shelving scheme Damaged status Not for loan Home library Current library Shelving location Date acquired Total Checkouts Full call number Barcode Date last seen Price effective from Koha item type
    Dewey Decimal Classification     Dodoma Dodoma Ground Floor 05/05/2026   307.141 209 61 ANT LIB003680 05/05/2026 05/05/2026 BOOKS

IRDP © 2021 :: Managed by ICT Team